| 000 | 00592nam a2200229Ia 4500 | ||
|---|---|---|---|
| 008 | 191119s9999 xx 000 0 und d | ||
| 020 | _a978-971-816-143-3 | ||
| 050 | _aCUL TX 724.5 | ||
| 050 | _b.P6S27 2016 | ||
| 100 | _aSarthou, Tatung. | ||
| 245 | 0 | _aPhilippine cookery : | |
| 245 | 0 | _bfrom heart to platter / | |
| 245 | 0 | _cTatung Sarthou. | |
| 260 | _aPhilippines : | ||
| 260 | _bABS-CBN Publishing, | ||
| 260 | _c2016 | ||
| 300 | _a288 pages : | ||
| 300 | _bcolored illustrations ; | ||
| 300 | _c23 cm. | ||
| 500 | _aIncludes index. | ||
| 650 | _aCooking, Phillipines. | ||
| 999 |
_c363124 _d363124 |
||